<?xml version="1.0" encoding="UTF-8"?>
<collection xmlns="http://www.loc.gov/MARC21/slim">
<record>
  <controlfield tag="001">126941</controlfield>
  <controlfield tag="005">20240731103340.0</controlfield>
  <datafield tag="024" ind1="7" ind2=" ">
    <subfield code="2">doi</subfield>
    <subfield code="a">10.47197/retos.v50.98904</subfield>
  </datafield>
  <datafield tag="024" ind1="8" ind2=" ">
    <subfield code="2">sideral</subfield>
    <subfield code="a">134424</subfield>
  </datafield>
  <datafield tag="037" ind1=" " ind2=" ">
    <subfield code="a">ART-2023-134424</subfield>
  </datafield>
  <datafield tag="041" ind1=" " ind2=" ">
    <subfield code="a">spa</subfield>
  </datafield>
  <datafield tag="100" ind1=" " ind2=" ">
    <subfield code="a">Founaud-Cabeza, María Pilar</subfield>
    <subfield code="u">Universidad de Zaragoza</subfield>
    <subfield code="0">(orcid)0000-0001-5853-4812</subfield>
  </datafield>
  <datafield tag="245" ind1=" " ind2=" ">
    <subfield code="a">Emociones, acción motriz y género en el alumnado de Educación Física de Primaria</subfield>
  </datafield>
  <datafield tag="260" ind1=" " ind2=" ">
    <subfield code="c">2023</subfield>
  </datafield>
  <datafield tag="506" ind1="0" ind2=" ">
    <subfield code="a">Access copy available to the general public</subfield>
    <subfield code="f">Unrestricted</subfield>
  </datafield>
  <datafield tag="520" ind1="3" ind2=" ">
    <subfield code="a">Conocer la vivencia emocional del alumnado durante las clases de Educación Física ha adquirido una gran importancia tras la publicación de los nuevos currículos educativos detallados en la Ley Orgánica para la Mejora de la Ley Orgánica de Educación. El objetivo de este estudio fue conocer la vivencia emocional del alumnado de Educación Primaria en las clases de Educación Física al situarlos en situaciones motrices de diferentes dominios de acción motriz, y además analizar si el género del alumnado ha determinado su vivencia. Mediante el uso del cuestionario Games and Emotions Scale for Children (GES-C) se recogieron los datos de 86 estudiantes de Educación Primaria tras la vivencia de situaciones motrices enmarcadas en diferentes dominios de acción motriz. Los resultados concluyeron que la vivencia de la acción motriz del alumnado produce emociones positivas más que negativas, y con mayor intensidad en chicas que en chicos, obteniendo en esta variable significación estadística. Sin embargo, en relación a los distintos dominios de acción motriz, se observó que cada uno de ellos produjo una experiencia emocional diferente en los estudiantes. No obstante, no se puede concluir que los dominios de acción motriz sea una variable determinante en sí misma de las emociones experimentadas por el alumnado.</subfield>
  </datafield>
  <datafield tag="540" ind1=" " ind2=" ">
    <subfield code="9">info:eu-repo/semantics/openAccess</subfield>
    <subfield code="a">by-nc-nd</subfield>
    <subfield code="u">http://creativecommons.org/licenses/by-nc-nd/3.0/es/</subfield>
  </datafield>
  <datafield tag="592" ind1=" " ind2=" ">
    <subfield code="a">0.383</subfield>
    <subfield code="b">2023</subfield>
  </datafield>
  <datafield tag="593" ind1=" " ind2=" ">
    <subfield code="a">Education</subfield>
    <subfield code="c">2023</subfield>
    <subfield code="d">Q2</subfield>
  </datafield>
  <datafield tag="593" ind1=" " ind2=" ">
    <subfield code="a">Physical Therapy, Sports Therapy and Rehabilitation</subfield>
    <subfield code="c">2023</subfield>
    <subfield code="d">Q2</subfield>
  </datafield>
  <datafield tag="593" ind1=" " ind2=" ">
    <subfield code="a">Orthopedics and Sports Medicine</subfield>
    <subfield code="c">2023</subfield>
    <subfield code="d">Q3</subfield>
  </datafield>
  <datafield tag="594" ind1=" " ind2=" ">
    <subfield code="a">3.2</subfield>
    <subfield code="b">2023</subfield>
  </datafield>
  <datafield tag="655" ind1=" " ind2="4">
    <subfield code="a">info:eu-repo/semantics/article</subfield>
    <subfield code="v">info:eu-repo/semantics/publishedVersion</subfield>
  </datafield>
  <datafield tag="700" ind1=" " ind2=" ">
    <subfield code="a">Martín-Forcadell, Sara</subfield>
  </datafield>
  <datafield tag="700" ind1=" " ind2=" ">
    <subfield code="a">Canales-Lacruz, Inma</subfield>
    <subfield code="u">Universidad de Zaragoza</subfield>
    <subfield code="0">(orcid)0000-0002-2355-7245</subfield>
  </datafield>
  <datafield tag="710" ind1="2" ind2=" ">
    <subfield code="1">3001</subfield>
    <subfield code="2">187</subfield>
    <subfield code="a">Universidad de Zaragoza</subfield>
    <subfield code="b">Dpto. Expres.Music.Plást.Corp.</subfield>
    <subfield code="c">Área Didáctica Expres.Corporal</subfield>
  </datafield>
  <datafield tag="773" ind1=" " ind2=" ">
    <subfield code="g">50 (2023), 342-348</subfield>
    <subfield code="p">Retos (Madr.)</subfield>
    <subfield code="t">Retos</subfield>
    <subfield code="x">1579-1726</subfield>
  </datafield>
  <datafield tag="787" ind1=" " ind2=" ">
    <subfield code="t">Resultados del cuestionario GES en estudiantes de Educación de Primaria</subfield>
    <subfield code="w">https://doi.org/10.5281/zenodo.10721132</subfield>
  </datafield>
  <datafield tag="856" ind1="4" ind2="1">
    <subfield code="u">https://recyt.fecyt.es/index.php/retos/article/view/98904/73734</subfield>
    <subfield code="z">Texto completo de la revista</subfield>
  </datafield>
  <datafield tag="856" ind1="4" ind2=" ">
    <subfield code="s">160816</subfield>
    <subfield code="u">http://zaguan.unizar.es/record/126941/files/texto_completo.pdf</subfield>
    <subfield code="y">Versión publicada</subfield>
  </datafield>
  <datafield tag="856" ind1="4" ind2=" ">
    <subfield code="s">3147985</subfield>
    <subfield code="u">http://zaguan.unizar.es/record/126941/files/texto_completo.jpg?subformat=icon</subfield>
    <subfield code="x">icon</subfield>
    <subfield code="y">Versión publicada</subfield>
  </datafield>
  <datafield tag="909" ind1="C" ind2="O">
    <subfield code="o">oai:zaguan.unizar.es:126941</subfield>
    <subfield code="p">articulos</subfield>
    <subfield code="p">driver</subfield>
  </datafield>
  <datafield tag="951" ind1=" " ind2=" ">
    <subfield code="a">2024-07-31-09:49:56</subfield>
  </datafield>
  <datafield tag="980" ind1=" " ind2=" ">
    <subfield code="a">ARTICLE</subfield>
  </datafield>
</record>
</collection>